| 000 | 01063nam a2200289 i 4500 | ||
|---|---|---|---|
| 001 | 000039569 | ||
| 003 | DO-SdBNP | ||
| 005 | 20260522125514.0 | ||
| 008 | 130708s2007 dr 000 0 spa d | ||
| 040 |
_aDO-SdBNP _bspa _cBNPHU _erda |
||
| 041 | _aspa | ||
| 082 |
_aRD861.44 _bL789 _223 |
||
| 100 | 1 |
_aLizardo Lasoce, Luis Francisco, _965735 _4aut. _d1942- _eautor |
|
| 245 | 1 | 0 |
_aAcompáñame : _bquiero soñar contigo / _cLuis Fco. Lizardo Lasoce. |
| 264 |
_aCiudad Universitaria, D.N., República Dominicana : _bPublicaciones de la Universidad Autónoma de Santo Domingo, _c2007 |
||
| 300 |
_a63 páginas ; _c22 cm |
||
| 336 |
_atexto _btxt _2rdacontent |
||
| 337 |
_asin mediación _bn _2rdamedia |
||
| 338 |
_avolumen _bnc _2rdacarrier |
||
| 490 | 1 |
_aUniversidad Autónoma de Santo Domingo ; _v1358 |
|
| 490 | 1 |
_aLiteratura y sociedad ; _vno. 73 |
|
| 650 | _aPoesía dominicana | ||
| 650 | 0 |
_aLiteratura dominicana _989671 |
|
| 830 | 0 |
_aUniversidad Autónoma de Santo Domingo _v1358 _917164 |
|
| 830 | 0 |
_aLiteratura y sociedad _n73 _965736 |
|
| 942 |
_2ddc _cLF2 |
||
| 999 |
_c39059 _d39059 |
||